Je možné ich odstrániť
Výskumný ústav potravinársky (VÚP) v Bratislave má v problematike škodliviny v potravinách výnimočné postavenie, a to aj v medzinárodnom meradle. Ústav bude možné vybaviť kvalitnou prístrojovou technikou vďaka finančným prostriedkom zo štrukturálnych fondov EÚ. Škodlivé látky v potravinách - karcino...
Gespeichert in:
| 1. Verfasser: | |
|---|---|
| Format: | Buchkapitel |
| Sprache: | Slowakisch |
| Schlagworte: | |
| Tags: |
Keine Tags, Fügen Sie das erste Tag hinzu!
|
MARC
| LEADER | 00000naa$a2200000$$$4500 | ||
|---|---|---|---|
| 001 | 0112980 | ||
| 005 | 20231109065929.3 | ||
| 041 | 0 | |a slo | |
| 044 | |a SK | ||
| 245 | 1 | 0 | |a Je možné ich odstrániť |c Viera Vojtková |
| 520 | |a Výskumný ústav potravinársky (VÚP) v Bratislave má v problematike škodliviny v potravinách výnimočné postavenie, a to aj v medzinárodnom meradle. Ústav bude možné vybaviť kvalitnou prístrojovou technikou vďaka finančným prostriedkom zo štrukturálnych fondov EÚ. Škodlivé látky v potravinách - karcinogény, akrylamid, žiadúce a nežiadúce procesy prebiehajúce pri spracovaní potravín, údenie potravín. | ||
| 610 | 2 | 0 | |a potraviny |
| 610 | 2 | 0 | |a látky nebezpečné |
| 610 | 2 | 0 | |a bezpečnosť potravinová |
| 610 | 2 | 0 | |a výskum |
| 610 | 2 | 0 | |a financovanie |
| 100 | 1 | |a Vojtková, Viera | |